LEADER 02176nam a2200457 u 4500 001 000000031675 003 CaOOAMICUS 005 20150720102040.0 008 971007s1980 it u000 u ita u 035 $a10771711 040 $aPUL(R)$bita 041 1 $aita$hlat 130 0 $aBiblia.$pN.T.$pPauli epistolae.$lItaliano.$0(OLS)http://pul/title/158610 245 13$aLe lettere di Paolo /$ctraduzione e commento di Giuseppe Barbaglio. 260 $aRoma :$bBorla,$c1980. 300 $a3 v.$c19 cm 490 1 $aCommenti biblici 500 $aComprende indici. 500 $aIl commentatore del 3. v. è Rinaldo Fabris. 504 $aBibliografia a pié pagina. 630 04$aBiblia.$pN.T.$pPauli epistolae$xCommenti.$0(OLS)http://pul/subject/37970 700 1 $aFabris, Rinaldo,$d1936-$0(OLS)http://pul/name/1111 700 1 $aBarbaglio, Giuseppe,$d1934-2007.$0(OLS)http://pul/name/12654 830 0$aCommenti biblici.$0(OLS)http://pul/title/42582 850 $aPUL 852 $aPUL$W1$xSL Religione 1$y3$m10 E 13$j163920$nBK-PRI$qStampati$B43711$CPULBib$Z2$F43711 $82 852 $aPUL$W1$xDP1 Fondo S. Lanza$y121$m3 K 63.1$j167608$av.1$qFondi$B168182$CPULBib$Z2$F168182 $HLAN329 $82 852 $aPUL$W1$xDP1 Fondo S. Lanza$y121$m3 K 63.2$j167609$av.2$qFondi$B168183$CPULBib$Z2$F168183 $HLAN330 $82 852 $aPUL$W1$xDP1 Fondo S. Lanza$y121$m3 K 63.3$j167633$av.3$qFondi$B168207$CPULBib$Z2$F168207 $HLAN331 $82 852 $aPUL$W1$xSL Religione 1$y3$m10 E 11$j164338$nBK-PRI$qStampati$B43709$CPULBib$Z2$F43709 $82 852 $aPUL$W1$xSL Religione 1$y3$m10 E 12$j164339$nBK-PRI$qStampati$B43710$CPULBib$Z2$F43710 $82 941 1 $a8 941 1 $a1 961 $aINV: 47817-18-19. 961 $aINV: 47817-18-19. 961 $aINV: 47817-18-19. 961 $aNota ms. di possesso: Sergio Lanza 961 $aNota ms. di possesso: Sergio Lanza 961 $aNota ms. di possesso: Sergio Lanza 996 $6245$aLe lettere di Paolo$9(OLS)http://pul/title/43571 996 $6260$aRoma :$bBorla$9(OLS)http://pul/publisher/48061 LEADER 01207nam a2200265 a 4500 001 000000175055 003 CaOOAMICUS 005 20240207124218.0 008 220317s2021 it m u000 u ita r 032 $aLibriCat 040 $aPUL$bita$d 100 1 $aIl Grande, Rosa.$0(OLS)http://pul/name/112552 245 10$aAdolescenza, parentificazione e perdono: $bproposta di un percorso d'intervento /$cRosa Il Grande. 260 $aRoma :$b[s.n.],$c2021. 300 $a157 p.;$b$c24 cm 500 $aIn testa al front: Università Pontificia Salesiana. Facoltà di Scienze dell'Educazione. 502 $aEstratto della Tesi di Dottorato--Università Pontificia Salesiana, 2021. 504 $aBibliografia: p.120-152. 710 2 $aPontificia Università Salesiana.$bFacoltà di scienze dell'educazione.$kTesi.$0(OLS)http://pul/name/81614 850 $aPUL 852 $aPUL$W1$xDP1 Tesi Pon. Univ. Salesiana$y46$m2021 E 3$j198824$qTesi$B204032$CPULBib$Z2$F204032 $82 941 1 $a16 996 $6245$aAdolescenza, parentificazione e perdono: $bproposta di un percorso d'intervento$9(OLS)http://pul/title/216464 996 $6260$aRoma :$b[s.n.]$9(OLS)http://pul/publisher/47958